[Event "1st FIDE OWCCCC Pools-East 2021"]
[Site "Online"]
[Date "2021.02.20"]
[Round "4.18"]
[White "Faizrakhmanov, Nijaz"]
[Black "Kathmale, Sameer"]
[Result "0-1"]
[WhiteElo "1632"]
[BlackElo "2330"]
[Annotator "TA"]
[PlyCount "38"]
[EventDate "2021.02.19"]
[EventType "team-tourn"]
[EventCountry "NET"]
[SourceTitle "playchess.com"]
[Source "ChessBase"]
[SourceQuality "1"]

1. e4 c6 2. d4 d5 3. Nc3 dxe4 4. Nxe4 Bf5 5. Ng3 Bg6 6. Nf3 Nf6 7. h4 h6 8. Ne5 Bh7 9. Bc4 e6 10. Qe2 Nd5 11. f4 Be7 12. O-O O-O 13. h5 Nd7 14. f5 Nxe5 15. Qxe5 Bd6 16. Qe1 Qh4 17. Rf3 Qxd4+ 18. Kh1 Qh4+ 19. Kg1 Bc5+ 0-1

[Event "1st FIDE OWCCCC Pools-East 2021"]
[Site "Online"]
[Date "2021.02.20"]
[Round "4.18"]
[White "Valitov, Arthur"]
[Black "Stefanova, Antoaneta"]
[Result "0-1"]
[WhiteElo "1041"]
[BlackElo "2470"]
[Annotator "TA"]
[PlyCount "68"]
[EventDate "2021.02.19"]
[EventType "team-tourn"]
[EventCountry "NET"]
[SourceTitle "playchess.com"]
[Source "ChessBase"]
[SourceQuality "1"]

1. e4 c6 2. Nc3 d5 3. Nf3 Bg4 4. exd5 cxd5 5. h3 Bxf3 6. Qxf3 e6 7. d4 Nc6 8. Be3 Bb4 9. a3 Bxc3+ 10. bxc3 Nf6 11. Bd3 O-O 12. h4 e5 13. Bb5 Qa5 14. Bxc6 Qxc3+ 15. Ke2 Qxc2+ 16. Bd2 Qxc6 17. h5 exd4 18. Kf1 Ne4 19. Bb4 Rfe8 20. h6 a5 21. Be1 g6 22. Rh4 Qc4+ 23. Kg1 Ra6 24. Bxa5 Rxa5 25. Rxe4 dxe4 26. Qf6 Kf8 27. Qg7+ Ke7 28. Rb1 Rb5 29. Re1 Kd7 30. Qxh7 e3 31. fxe3 dxe3 32. Qg7 e2 33. h7 Rh5 34. Qb2 Qc5+ 0-1

[Event "1st FIDE OWCCCC Pools-East 2021"]
[Site "Online"]
[Date "2021.02.20"]
[Round "4.19"]
[White "Von Krogh, Christopher"]
[Black "Artemieva, Elena"]
[Result "1-0"]
[WhiteElo "2223"]
[BlackElo "1458"]
[Annotator "TA"]
[PlyCount "39"]
[EventDate "2021.02.19"]
[EventType "team-tourn"]
[EventCountry "NET"]
[SourceTitle "playchess.com"]
[Source "ChessBase"]
[SourceQuality "1"]

1. d4 f5 2. Nf3 Nf6 3. Bg5 e6 4. Nbd2 Be7 5. Bxf6 Bxf6 6. e4 fxe4 7. Nxe4 O-O 8. Bd3 h6 9. c3 b6 10. Qe2 Ba6 11. Bxa6 Nxa6 12. Qxa6 d5 13. Nxf6+ Rxf6 14. Qe2 g5 15. O-O Qe7 16. Rae1 Raf8 17. Ne5 c5 18. Qe3 cxd4 19. cxd4 Qb4 20. Nd7 1-0

[Event "1st FIDE OWCCCC Pools-East 2021"]
[Site "Online"]
[Date "2021.02.20"]
[Round "4.19"]
[White "Ramakrishnan, Venkat"]
[Black "Dudarev, Nikolai"]
[Result "0-1"]
[WhiteElo "2075"]
[BlackElo "2169"]
[Annotator "RC"]
[PlyCount "130"]
[EventDate "2021.02.19"]
[EventType "team-tourn"]
[EventCountry "NET"]
[SourceTitle "playchess.com"]
[Source "ChessBase"]
[SourceQuality "1"]

1. e4 e5 2. Nf3 Nc6 3. d4 exd4 4. Nxd4 Bc5 5. Be3 Bb6 6. Be2 Nge7 7. O-O O-O 8. Nc3 d6 9. Nd5 Nxd5 10. exd5 Nxd4 11. Bxd4 Qh4 12. Bxb6 axb6 13. Bd3 Bg4 14. Qd2 Qf6 15. c3 Rfe8 16. a3 Re5 17. Rfe1 Rae8 18. h3 Bf5 19. Bc4 h6 20. Rxe5 Qxe5 21. a4 Qe4 22. Bb3 Re5 23. Rd1 Bxh3 24. f3 Qg6 25. Bc2 Bf5 26. Bxf5 Qxf5 27. b4 g5 28. a5 bxa5 29. bxa5 Kg7 30. c4 g4 31. fxg4 Qxg4 32. Qd4 Qxd4+ 33. Rxd4 Re1+ 34. Kf2 Ra1 35. Rg4+ Kf6 36. Rf4+ Kg6 37. Rf3 Rxa5 38. Rb3 b6 39. Ke3 Ra2 40. g3 Rg2 41. Kd4 Kg5 42. Rf3 f5 43. Ke3 Rg1 44. Kd4 h5 45. Re3 Kg4 46. Re7 Kxg3 47. Rxc7 h4 48. Rc6 h3 49. Rxd6 h2 50. Rh6 h1=Q 51. Rxh1 Rxh1 52. d6 Rd1+ 53. Ke5 f4 54. Ke6 f3 55. d7 f2 56. Ke7 f1=Q 57. d8=Q Rxd8 58. Kxd8 Qxc4 59. Kd7 Kf4 60. Kd6 b5 61. Ke7 Qc6 62. Kf7 Kf5 63. Kg7 Qd7+ 64. Kh6 Qe7 65. Kh5 Qh7# 0-1

[Event "1st FIDE OWCCCC Pools-East 2021"]
[Site "Online"]
[Date "2021.02.20"]
[Round "4.19"]
[White "Rodionova, Polina"]
[Black "Krause, Max"]
[Result "0-1"]
[WhiteElo "2024"]
[BlackElo "1954"]
[Annotator "NA"]
[PlyCount "82"]
[EventDate "2021.02.19"]
[EventType "team-tourn"]
[EventCountry "NET"]
[SourceTitle "playchess.com"]
[Source "ChessBase"]
[SourceQuality "1"]

1. e4 c5 2. Nf3 e6 3. d4 cxd4 4. Nxd4 a6 5. Bd3 Qc7 6. O-O Bc5 7. Nb3 Be7 8. c4 b6 9. Nc3 Bb7 10. Be3 d6 11. Qg4 Nf6 12. Qxg7 Rg8 13. Qh6 Nbd7 14. f3 O-O-O 15. Kh1 Kb8 16. a4 Ne5 17. Be2 Rg6 18. Qh3 Rdg8 19. Rg1 Nxc4 20. Bxc4 Qxc4 21. Nd2 Qd3 22. Nf1 Qc2 23. Rb1 b5 24. axb5 axb5 25. Ng3 b4 26. Nb5 Qd3 27. Ba7+ Ka8 28. Ra1 Qxb5 29. Bd4+ Kb8 30. Bxf6 Bxf6 31. Qxh7 R6g7 32. Qh6 Bd4 33. Rgd1 Qb6 34. Qd2 e5 35. Nf5 Rxg2 36. Qxg2 Rxg2 37. Kxg2 Bc8 38. Ne7 Be6 39. Rd2 Qb7 40. Ng8 f5 41. exf5 Bxg8 0-1

[Event "1st FIDE OWCCCC Pools-East 2021"]
[Site "Online"]
[Date "2021.02.20"]
[Round "4.19"]
[White "aaarek"]
[Black "Yuzhakov, Oleg"]
[Result "0-1"]
[WhiteElo "1391"]
[BlackElo "2321"]
[Annotator "TA"]
[PlyCount "92"]
[EventDate "2021.02.19"]
[EventType "team-tourn"]
[EventCountry "NET"]
[SourceTitle "playchess.com"]
[Source "ChessBase"]
[SourceQuality "1"]

1. e4 e6 2. d4 d5 3. e5 c5 4. c3 Qb6 5. Nf3 Nc6 6. a3 f6 7. exf6 Nxf6 8. Bd3 Bd6 9. O-O O-O 10. Re1 Bd7 11. b4 c4 12. Bc2 Rae8 13. Be3 Qc7 14. Nbd2 b5 15. a4 bxa4 16. Bxa4 Ng4 17. h3 Nxe3 18. Rxe3 Bf4 19. Re2 Re7 20. Bxc6 Bxc6 21. Ne5 Be8 22. Re1 Qb6 23. g3 Bg5 24. f4 Bf6 25. Kg2 g5 26. fxg5 Bxg5 27. Ndf3 Bh6 28. Rf1 Bg7 29. Qd2 Qc7 30. Qg5 Rf5 31. Qe3 Rf6 32. g4 Bg6 33. Nxg6 Rxg6 34. Nh4 Rf6 35. Nf3 Rg6 36. Ra6 e5 37. Rxg6 hxg6 38. dxe5 Bxe5 39. Qg5 Kg7 40. Nh4 Re6 41. Re1 Bf4 42. Nf5+ Kf7 43. Nh6+ Kf8 44. Rf1 Re2+ 45. Kf3 Bxg5 46. Kxe2+ Kg7 0-1

[Event "1st FIDE OWCCCC Pools-East 2021"]
[Site "Online"]
[Date "2021.02.20"]
[Round "4.20"]
[White "Andreikin, Dmitry"]
[Black "Tanvi Thakur"]
[Result "1-0"]
[WhiteElo "2725"]
[BlackElo "1185"]
[Annotator "TA"]
[PlyCount "101"]
[EventDate "2021.02.19"]
[EventType "team-tourn"]
[EventCountry "NET"]
[SourceTitle "playchess.com"]
[Source "ChessBase"]
[SourceQuality "1"]

1. e4 c5 2. Nf3 d6 3. d4 cxd4 4. Nxd4 Nf6 5. Bd3 g6 6. c4 Bg7 7. Nc3 O-O 8. O-O Nc6 9. Nxc6 bxc6 10. Qe2 Bb7 11. Rd1 Rc8 12. Be3 c5 13. Rac1 Re8 14. Bb1 a6 15. e5 Nd7 16. exd6 exd6 17. Rxd6 Qe7 18. Rdd1 Nf6 19. h3 Rcd8 20. Rxd8 Rxd8 21. Rd1 Rxd1+ 22. Qxd1 Qc7 23. Qd2 Kf8 24. Bf4 Qc8 25. Be5 Ke8 26. Bc2 Qe6 27. Qd6 Qxd6 28. Bxd6 Nd7 29. Ba4 Bd4 30. Ne2 Bxb2 31. Bxc5 Kd8 32. Bd4 Bxd4 33. Nxd4 Nc5 34. Bc2 Kc7 35. f3 a5 36. Nb3 Nxb3 37. axb3 Kc6 38. Kf2 Kc5 39. Ke3 Bc6 40. Kd3 f5 41. Kc3 h6 42. h4 h5 43. Bd3 a4 44. b4+ Kd6 45. c5+ Kc7 46. b5 Be8 47. Kb4 a3 48. Kxa3 Bf7 49. Kb4 Be8 50. Bc4 Bd7 51. b6+ 1-0

[Event "1st FIDE OWCCCC Pools-East 2021"]
[Site "Online"]
[Date "2021.02.20"]
[Round "4.20"]
[White "Bouychou, Armand"]
[Black "Pustovlev, Eugeny"]
[Result "0-1"]
[WhiteElo "1654"]
[BlackElo "1296"]
[Annotator "NA"]
[PlyCount "132"]
[EventDate "2021.02.19"]
[EventType "team-tourn"]
[EventCountry "NET"]
[SourceTitle "playchess.com"]
[Source "ChessBase"]
[SourceQuality "1"]

1. e4 Nc6 2. d4 e5 3. d5 Nce7 4. Bg5 Nf6 5. Nd2 Ng6 6. Bd3 h6 7. Bxf6 Qxf6 8. Qf3 Qd8 9. O-O-O Bc5 10. Nb3 Bb6 11. c4 d6 12. Ne2 Qg5+ 13. Kb1 Bg4 14. Qg3 Bxe2 15. Bxe2 Nf4 16. Bf3 Qf6 17. Rhf1 g5 18. h3 h5 19. Rd2 Qg6 20. Re1 Rg8 21. Qh2 g4 22. hxg4 hxg4 23. Bd1 Bxf2 24. Ree2 g3 25. Qh1 Nxe2 26. Rxe2 O-O-O 27. Bc2 Rh8 28. Qf1 Rh2 29. Nd2 Rdh8 30. Rxf2 Rh1 31. Rf3 Rxf1+ 32. Rxf1 Rh2 33. Rg1 Qg5 34. Nf3 Qe3 35. Re1 Qxe1+ 36. Nxe1 Rh1 37. Kc1 Rxe1+ 38. Kd2 Rg1 39. Ke3 Rxg2 40. Bd1 Rf2 41. Bg4+ Kd8 42. b4 b6 43. a4 Ke7 44. c5 dxc5 45. bxc5 bxc5 46. a5 Kf6 47. a6 Kg5 48. Bh3 Kh4 49. Bd7 Ra2 50. Kf3 Rxa6 51. Kg2 Ra2+ 52. Kg1 Kg5 53. Be8 f5 54. d6 cxd6 55. exf5 Kxf5 56. Bf7 Rb2 57. Bd5 e4 58. Bc4 Ke5 59. Kh1 a5 60. Ba6 a4 61. Bc4 a3 62. Kg1 Kf4 63. Kf1 a2 64. Bxa2 Rxa2 65. Kg1 Kf3 66. Kh1 Ra1# 0-1

[Event "1st FIDE OWCCCC Pools-East 2021"]
[Site "Online"]
[Date "2021.02.20"]
[Round "4.20"]
[White "Gumerova, Aisily"]
[Black "Matyszkowicz, Marcin"]
[Result "0-1"]
[WhiteElo "1335"]
[BlackElo "1320"]
[Annotator "NA"]
[PlyCount "56"]
[EventDate "2021.02.19"]
[EventType "team-tourn"]
[EventCountry "NET"]
[SourceTitle "playchess.com"]
[Source "ChessBase"]
[SourceQuality "1"]

1. e4 e5 2. Nf3 Nf6 3. Nc3 Nc6 4. Bb5 d6 5. Bxc6+ bxc6 6. O-O Bb7 7. d4 exd4 8. Qxd4 c5 9. Qc4 Bc6 10. h3 g6 11. Ng5 Qe7 12. Bf4 Bg7 13. Bc1 O-O 14. Bf4 Rfe8 15. Rae1 Nh5 16. Bg3 Bd4 17. Nd5 Qxg5 18. Nxc7 Nxg3 19. Nxe8 Rxe8 20. c3 Nxf1 21. cxd4 Nd2 22. Qc2 Nf3+ 23. Kf1 Nxe1 24. Kxe1 Bxe4 25. Qa4 Bc6+ 26. Kf1 Bxa4 27. Kg1 Qf4 28. dxc5 Re1# 0-1

[Event "1st FIDE OWCCCC Pools-East 2021"]
[Site "Online"]
[Date "2021.02.20"]
[Round "4.20"]
[White "Borisov, Andrey"]
[Black "Kaushik, S."]
[Result "0-1"]
[WhiteElo "1096"]
[BlackElo "2126"]
[Annotator "TA"]
[PlyCount "66"]
[EventDate "2021.02.19"]
[EventType "team-tourn"]
[EventCountry "NET"]
[SourceTitle "playchess.com"]
[Source "ChessBase"]
[SourceQuality "1"]

1. e3 c5 2. c4 Nc6 3. Nf3 Nf6 4. d4 cxd4 5. exd4 d5 6. Nc3 Bg4 7. cxd5 Nxd5 8. Be2 e6 9. O-O Bd6 10. h3 Bh5 11. Bg5 f6 12. Bh4 g5 13. Nxd5 gxh4 14. Nxh4 Bf7 15. Nc3 Nxd4 16. Bb5+ Kf8 17. Nf3 Bh5 18. Be2 Nxe2+ 19. Qxe2 Qb6 20. Kh1 Re8 21. Ne4 Be5 22. g4 Qxb2 23. Qxb2 Bxb2 24. Rab1 Bg6 25. Rxb2 Bxe4 26. Kg2 h5 27. Re1 f5 28. Kg3 hxg4 29. hxg4 Rg8 30. g5 Re7 31. Rbe2 e5 32. Nd2 Rxg5+ 33. Kh4 Rg4+ 0-1

[Event "1st FIDE OWCCCC Pools-East 2021"]
[Site "Online"]
[Date "2021.02.20"]
[Round "4.21"]
[White "Carlsen, Magnus"]
[Black "Jangle, Hemang J"]
[Result "1-0"]
[WhiteElo "2862"]
[BlackElo "1796"]
[Annotator "TA"]
[PlyCount "49"]
[EventDate "2021.02.19"]
[EventType "team-tourn"]
[EventCountry "NET"]
[SourceTitle "playchess.com"]
[Source "ChessBase"]
[SourceQuality "1"]

1. d4 e6 2. Nf3 Nf6 3. Bg5 Be7 4. Nbd2 d5 5. e3 O-O 6. Bd3 Nbd7 7. c3 b6 8. Ne5 Bb7 9. Qf3 Ne4 10. Bxe7 Qxe7 11. Nxd7 Qxd7 12. Nxe4 dxe4 13. Bxe4 Bxe4 14. Qxe4 Qb5 15. Qc2 c5 16. Qe2 Qc6 17. O-O Rfe8 18. Rfd1 Rad8 19. a4 h6 20. Qb5 Qd5 21. h3 cxd4 22. Rxd4 Qb7 23. Rad1 Rxd4 24. Qxe8+ Kh7 25. Rxd4 1-0

[Event "1st FIDE OWCCCC Pools-East 2021"]
[Site "Online"]
[Date "2021.02.20"]
[Round "4.21"]
[White "Wafa, Shrook"]
[Black "Tzoumbas, Anastasios"]
[Result "1-0"]
[WhiteElo "2182"]
[BlackElo "2287"]
[Annotator "TA"]
[PlyCount "85"]
[EventDate "2021.02.19"]
[EventType "team-tourn"]
[EventCountry "NET"]
[SourceTitle "playchess.com"]
[Source "ChessBase"]
[SourceQuality "1"]

1. e4 c5 2. Nf3 d6 3. d4 cxd4 4. Nxd4 Nf6 5. Nc3 a6 6. Bg5 Nbd7 7. f4 g6 8. Qf3 Bg7 9. O-O-O h6 10. Bh4 Qa5 11. Kb1 Nc5 12. e5 dxe5 13. fxe5 Ng4 14. e6 f5 15. Nc6 bxc6 16. Qxc6+ Kf8 17. Qxa8 Bxc3 18. bxc3 Kg7 19. Qd5 Bxe6 20. Qd4+ Kh7 21. Bc4 Rb8+ 22. Ka1 Qa3 23. Rb1 Bxc4 24. Qxc4 Ne5 25. Qd4 Rxb1+ 26. Rxb1 Ned7 27. Bxe7 h5 28. Bxc5 Nxc5 29. Qb4 Qxb4 30. cxb4 Ne4 31. c4 Kg7 32. c5 Kf7 33. Rd1 Ke6 34. c6 Nd6 35. Kb2 Nc4+ 36. Kc3 Nb6 37. c7 Ke7 38. Kb3 f4 39. a4 g5 40. a5 Nc8 41. Rd8 Na7 42. c8=Q Nxc8 43. Rxc8 1-0

[Event "1st FIDE OWCCCC Pools-East 2021"]
[Site "Online"]
[Date "2021.02.20"]
[Round "4.21"]
[White "Levitan, Ronit"]
[Black "Harikrishnan.A.Ra"]
[Result "0-1"]
[WhiteElo "2048"]
[BlackElo "2429"]
[Annotator "TA"]
[PlyCount "102"]
[EventDate "2021.02.19"]
[EventType "team-tourn"]
[EventCountry "NET"]
[SourceTitle "playchess.com"]
[Source "ChessBase"]
[SourceQuality "1"]

1. e4 e6 2. d4 d5 3. Nd2 Nf6 4. e5 Nfd7 5. Bd3 c5 6. c3 b6 7. Ndf3 Ba6 8. Bxa6 Nxa6 9. Ne2 Be7 10. O-O Nab8 11. a4 Nc6 12. Ng3 O-O 13. Re1 Rc8 14. Bd2 Rc7 15. Qe2 Na5 16. b4 Nb3 17. Rab1 Nxd2 18. Qxd2 cxb4 19. cxb4 Qa8 20. a5 Rfc8 21. Qf4 Rc4 22. Ng5 Bxg5 23. Qxg5 Nf8 24. Nh5 Ng6 25. f4 Rxd4 26. f5 exf5 27. e6 fxe6 28. Rxe6 Rg4 29. Qxf5 Rxg2+ 30. Kh1 d4 31. Re4 Re2 32. Qe6+ Kh8 33. Qxc8+ Qxc8 34. Rxe2 d3 35. Rd2 Nh4 36. Rf1 Qa8+ 37. Kg1 Nf3+ 38. Rxf3 Qxf3 39. Rf2 Qg4+ 40. Ng3 h6 41. Kg2 Qxb4 42. axb6 axb6 43. Nf1 Qg4+ 44. Ng3 b5 45. Rd2 Qc4 46. Kf3 b4 47. Ke3 b3 48. Rxd3 b2 49. Rd8+ Kh7 50. Rb8 Qc1+ 51. Kf3 b1=Q 0-1

[Event "1st FIDE OWCCCC Pools-East 2021"]
[Site "Online"]
[Date "2021.02.20"]
[Round "4.22"]
[White "Ravichandran, Siddharth"]
[Black "White, John S."]
[Result "1-0"]
[WhiteElo "2352"]
[BlackElo "2235"]
[Annotator "TA"]
[PlyCount "63"]
[EventDate "2021.02.19"]
[EventType "team-tourn"]
[EventCountry "NET"]
[SourceTitle "playchess.com"]
[Source "ChessBase"]
[SourceQuality "1"]

1. e4 d5 2. exd5 Nf6 3. Nf3 Bg4 4. Be2 Qxd5 5. d4 Nc6 6. c4 Qf5 7. Be3 O-O-O 8. O-O e5 9. d5 Nb4 10. Na3 h5 11. Rc1 Bxf3 12. Bxf3 e4 13. Be2 c5 14. Nb5 a6 15. Nc3 Bd6 16. a3 Nd3 17. Bxd3 exd3 18. Qf3 Qd7 19. Bf4 Qc7 20. Bxd6 Qxd6 21. Qxd3 Ng4 22. Qg3 Ne5 23. Ne4 Qc7 24. d6 Qc6 25. Qxe5 Rde8 26. d7+ Kxd7 27. Rcd1+ Kc8 28. Nd6+ Qxd6 29. Qxd6 Rd8 30. Qxd8+ Rxd8 31. Rxd8+ Kxd8 32. Rd1+ 1-0

[Event "1st FIDE OWCCCC Pools-East 2021"]
[Site "Online"]
[Date "2021.02.20"]
[Round "4.22"]
[White "Makropoulou, Marina"]
[Black "Bottino, Alexiei"]
[Result "1-0"]
[WhiteElo "2186"]
[BlackElo "2008"]
[Annotator "TA"]
[PlyCount "103"]
[EventDate "2021.02.19"]
[EventType "team-tourn"]
[EventCountry "NET"]
[SourceTitle "playchess.com"]
[Source "ChessBase"]
[SourceQuality "1"]

1. e4 c5 2. Nf3 Nc6 3. Bb5 g6 4. c3 Nf6 5. Qe2 Bg7 6. O-O O-O 7. Re1 Qc7 8. d3 d6 9. h3 a6 10. Ba4 b5 11. Bc2 e5 12. Nbd2 h6 13. Nf1 Be6 14. Be3 Rab8 15. Qd2 Kh7 16. d4 cxd4 17. cxd4 exd4 18. Nxd4 Nxd4 19. Bxd4 Rbd8 20. Rac1 Qb7 21. b3 d5 22. e5 Ne4 23. Qe3 Qb8 24. f3 Bxe5 25. fxe4 Bf4 26. Qf2 Bxc1 27. Rxc1 dxe4 28. Qf6 Rg8 29. Bxe4 Qd6 30. Be5 Qb6+ 31. Kh1 Rde8 32. Rc7 Ref8 33. Kh2 a5 34. Rc6 Qd8 35. Qf3 Qe7 36. Bd6 Qd8 37. Bxf8 Rxf8 38. Rc1 a4 39. Rd1 Qc7+ 40. Kh1 axb3 41. axb3 Rd8 42. Rxd8 Qxd8 43. Ng3 Qd4 44. Kh2 Qb2 45. Bd5 Qe5 46. Bxe6 Qxe6 47. b4 Qc4 48. Qe4 Qc3 49. Qf4 Qc4 50. Qxc4 bxc4 51. b5 c3 52. Ne2 1-0

[Event "1st FIDE OWCCCC Pools-East 2021"]
[Site "Online"]
[Date "2021.02.20"]
[Round "4.23"]
[White "Shishkin, Aleksey A."]
[Black "Subramani, Ragavi"]
[Result "1-0"]
[WhiteElo "2155"]
[BlackElo "1524"]
[Annotator "TA"]
[PlyCount "51"]
[EventDate "2021.02.19"]
[EventType "team-tourn"]
[EventCountry "NET"]
[SourceTitle "playchess.com"]
[Source "ChessBase"]
[SourceQuality "1"]

1. e4 e5 2. Nf3 Nc6 3. Bc4 Nf6 4. Ng5 d5 5. exd5 Nxd5 6. Nxf7 Qd7 7. Nxh8 b6 8. Nc3 Nf4 9. O-O Bb7 10. d3 O-O-O 11. Bxf4 exf4 12. Nf7 Kb8 13. Nxd8 Qxd8 14. Ne4 Qh4 15. c3 Ne5 16. a4 f3 17. Be6 Bd6 18. g3 Qh5 19. h4 h6 20. Bh3 g5 21. Nxd6 cxd6 22. d4 Ng4 23. d5 gxh4 24. Qxf3 Bxd5 25. Qxg4 Qe5 26. Qc8# 1-0

[Event "1st FIDE OWCCCC Pools-East 2021"]
[Site "Online"]
[Date "2021.02.20"]
[Round "4.23"]
[White "Atserias Batalla, Jordi"]
[Black "Kossiaras, Fotios"]
[Result "1-0"]
[WhiteElo "1801"]
[BlackElo "1461"]
[Annotator "NA"]
[PlyCount "131"]
[EventDate "2021.02.19"]
[EventType "team-tourn"]
[EventCountry "NET"]
[SourceTitle "playchess.com"]
[Source "ChessBase"]
[SourceQuality "1"]

1. d4 Nf6 2. Bg5 g6 3. Bxf6 exf6 4. g3 Bg7 5. Bg2 O-O 6. e3 d5 7. Ne2 c6 8. O-O Be6 9. Nf4 Qb6 10. b3 Nd7 11. Nd2 Qc7 12. Rc1 Qa5 13. c4 dxc4 14. Nxc4 Bxc4 15. Rxc4 Qxa2 16. Ra4 Qb2 17. Nd3 Qc3 18. Qb1 Nb6 19. Ra2 Nd5 20. Rc1 a5 21. Rxc3 Nxc3 22. Qc2 Nxa2 23. Qxa2 Rfc8 24. Nc5 b6 25. Na4 Rab8 26. Qd2 Bf8 27. h3 Bb4 28. Qe2 Kg7 29. Qg4 h5 30. Qd7 c5 31. Bd5 Rf8 32. Qc7 cxd4 33. exd4 Rbd8 34. Nxb6 Bd6 35. Qc4 Bb4 36. Be4 Rd6 37. Na4 Re8 38. Bc6 Re1+ 39. Kg2 Ba3 40. d5 Rc1 41. Qe4 Bb4 42. Nb6 Bc5 43. Nc4 Rd8 44. Qd3 Bb4 45. Bb5 Ra1 46. d6 Ra2 47. Qb1 Re2 48. Kf3 Re1 49. Qd3 Re6 50. d7 Re7 51. Ne3 Re5 52. Ba4 Bc5 53. Nc4 Re6 54. Nxa5 Bb6 55. Nc4 f5 56. Qc3+ Kh7 57. Ne5 Re7 58. Nc6 Rexd7 59. Nxd8 Rxd8 60. Qf6 Bd4 61. Qxd8 Bg7 62. b4 Kh6 63. b5 Bc3 64. b6 Bb4 65. b7 Bc5 66. b8=Q 1-0

[Event "1st FIDE OWCCCC Pools-East 2021"]
[Site "Online"]
[Date "2021.02.20"]
[Round "4.24"]
[White "Vijayapandian, Vishnu kumar"]
[Black "Goldberg, Ilya"]
[Result "0-1"]
[WhiteElo "1414"]
[BlackElo "1052"]
[Annotator "NA"]
[PlyCount "128"]
[EventDate "2021.02.19"]
[EventType "team-tourn"]
[EventCountry "NET"]
[SourceTitle "playchess.com"]
[Source "ChessBase"]
[SourceQuality "1"]

1. d4 d5 2. Bf4 Nf6 3. e3 Bf5 4. h3 e6 5. Nf3 Nbd7 6. Nbd2 c5 7. c3 Be7 8. Be2 O-O 9. O-O Rc8 10. Ne5 Qb6 11. b3 cxd4 12. cxd4 Bb4 13. Ndf3 Be4 14. Nxd7 Nxd7 15. Ne5 Nxe5 16. dxe5 Bc2 17. Qc1 Bxb3 18. Qb2 Bc3 19. Qxb3 Qxb3 20. axb3 Bxa1 21. Rxa1 a6 22. b4 Rc2 23. Bd3 Rb2 24. b5 axb5 25. e4 Rc8 26. exd5 b4 27. dxe6 fxe6 28. Be3 b3 29. Bd4 Ra2 30. Rb1 Rd8 31. Bc4 Rxd4 32. Bxe6+ Kf8 33. Bxb3 Rad2 34. e6 Ke7 35. g3 b5 36. h4 b4 37. Kg2 R2d3 38. f4 Rc3 39. f5 Rdd3 40. Bd1 Rxg3+ 41. Kf2 b3 42. Bxb3 Rxb3 43. Rd1 Rbf3+ 44. Ke2 Rxf5 45. Rd7+ Kxe6 46. Ra7 Rd5 47. Ra6+ Rd6 48. Rxd6+ Kxd6 49. Kf2 Rg6 50. Kf3 Ke5 51. h5 Rg5 52. Ke3 Rxh5 53. Kd3 Rf5 54. Ke3 g5 55. Kd3 g4 56. Ke3 g3 57. Kd3 g2 58. Ke3 g1=R 59. Kd3 Rg4 60. Ke3 Rh5 61. Kd3 Rh3+ 62. Ke2 Rg2+ 63. Kf1 Rb2 64. Kg1 Ra3 0-1

[Event "1st FIDE OWCCCC Pools-East 2021"]
[Site "Online"]
[Date "2021.02.20"]
[Round "4.24"]
[White "Gouvas, Panagiotis"]
[Black "George, Olufemi"]
[Result "0-1"]
[WhiteElo "634"]
[BlackElo "1766"]
[Annotator "NA"]
[PlyCount "54"]
[EventDate "2021.02.19"]
[EventType "team-tourn"]
[EventCountry "NET"]
[SourceTitle "playchess.com"]
[Source "ChessBase"]
[SourceQuality "1"]

1. e4 g6 2. Nf3 Bg7 3. Bc4 e6 4. a3 c5 5. d3 Nc6 6. Ra2 Nge7 7. b3 a6 8. h4 b5 9. Bd5 exd5 10. exd5 Nxd5 11. d4 cxd4 12. Nxd4 O-O 13. c3 Re8+ 14. Kf1 Nxd4 15. cxd4 Qf6 16. Re2 Bb7 17. Bg5 Qf5 18. Qd2 Qxb1+ 19. Qe1 Qxe1+ 20. Rxe1 Rxe1+ 21. Kxe1 Bxd4 22. h5 f6 23. hxg6 hxg6 24. Rh6 fxg5 25. Rxg6+ Kf7 26. Rxg5 Re8+ 27. Kd2 Bf6 0-1

[Event "1st FIDE OWCCCC Pools-East 2021"]
[Site "Online"]
[Date "2021.02.20"]
[Round "4.25"]
[White "Khrapko, Marharyta"]
[Black "Siddharth, Venkatesh"]
[Result "0-1"]
[WhiteElo "2049"]
[BlackElo "1826"]
[Annotator "NA"]
[PlyCount "90"]
[EventDate "2021.02.19"]
[EventType "team-tourn"]
[EventCountry "NET"]
[SourceTitle "playchess.com"]
[Source "ChessBase"]
[SourceQuality "1"]

1. e4 d5 2. exd5 Nf6 3. Bb5+ Bd7 4. Be2 Nxd5 5. d4 Bf5 6. Nf3 e6 7. O-O Nc6 8. c4 Nb6 9. Nc3 h6 10. a3 Be7 11. b4 Bf6 12. Be3 a6 13. Rc1 Qd7 14. Qb3 O-O 15. Rfd1 Rad8 16. d5 exd5 17. Nxd5 Nxd5 18. Rxd5 Qc8 19. h3 Be6 20. Rd2 Rxd2 21. Nxd2 Nd4 22. Bxd4 Bxd4 23. Qf3 c5 24. Nb3 Bb2 25. Rb1 Bxa3 26. Nxc5 Bxb4 27. Nxe6 fxe6 28. Qg4 Bc5 29. Rf1 b6 30. Bd3 Rf6 31. Qe4 Qf8 32. Kh2 Bxf2 33. Qh7+ Kf7 34. c5 Qxc5 35. Qe4 Qc7+ 36. Kh1 b5 37. Ra1 Ba7 38. Bc2 Bb8 39. g3 Qxg3 40. Qb7+ Kg8 41. Qc8+ Rf8 42. Qxe6+ Kh8 43. Qe2 Qxh3+ 44. Kg1 Be5 45. Rxa6 Bd4+ 0-1

[Event "1st FIDE OWCCCC Pools-East 2021"]
[Site "Online"]
[Date "2021.02.20"]
[Round "4.25"]
[White "Lukyanov, Artem"]
[Black "Van Splunter, Niels"]
[Result "1-0"]
[WhiteElo "1674"]
[BlackElo "2069"]
[Annotator "NA"]
[PlyCount "51"]
[EventDate "2021.02.19"]
[EventType "team-tourn"]
[EventCountry "NET"]
[SourceTitle "playchess.com"]
[Source "ChessBase"]
[SourceQuality "1"]

1. e4 d5 2. exd5 Qxd5 3. Nf3 Nf6 4. d4 Bg4 5. Be2 e6 6. O-O Nc6 7. c4 Qd7 8. Be3 O-O-O 9. Qb3 Be7 10. Rd1 h6 11. a4 g5 12. Nc3 Na5 13. Qa2 Bxf3 14. Bxf3 g4 15. Be2 h5 16. Rab1 Bb4 17. Bg5 Be7 18. d5 exd5 19. cxd5 Qf5 20. Be3 b6 21. b4 Nb7 22. a5 Nd6 23. axb6 axb6 24. Qa8+ Kd7 25. Qc6+ Kc8 26. Ra1 1-0

[Event "1st FIDE OWCCCC Pools-East 2021"]
[Site "Online"]
[Date "2021.02.20"]
[Round "4.26"]
[White "De Kleuver, Esther"]
[Black "Kapustin, Artem"]
[Result "0-1"]
[WhiteElo "2049"]
[BlackElo "1896"]
[Annotator "ChessBase"]
[PlyCount "104"]
[EventDate "2021.02.19"]
[EventType "team-tourn"]
[EventCountry "NET"]
[SourceTitle "playchess.com"]
[Source "ChessBase"]
[SourceQuality "1"]

1. e4 c6 2. d4 d5 3. exd5 cxd5 4. Bd3 Nf6 5. c3 Nc6 6. Bf4 Qb6 7. Qe2 Bg4 8. f3 Bh5 9. Na3 a6 10. Nh3 e6 11. O-O Bxa3 12. bxa3 Qa5 13. Bd2 Qxa3 14. Nf4 Bg6 15. Nxg6 hxg6 16. Rfe1 O-O 17. Reb1 b5 18. Rb3 Qd6 19. a4 Na5 20. Rbb1 Nc4 21. axb5 axb5 22. Rxa8 Rxa8 23. Rxb5 Ra1+ 24. Rb1 Rxb1+ 25. Bxb1 Qb6 26. Bd3 Qb2 27. Be1 Qb3 28. h3 Nh5 29. g3 Nf6 30. Kg2 Nb2 31. Bc2 Qc4 32. Qe3 Qa2 33. Qf2 Nc4 34. Kg1 Nd7 35. Bd3 Qxf2+ 36. Kxf2 Ndb6 37. f4 Kf8 38. Kf3 Ke7 39. g4 Kd6 40. Bg3 Kd7 41. f5 gxf5 42. gxf5 Nd2+ 43. Ke2 Nbc4 44. Bf4 Nb3 45. fxe6+ Kxe6 46. Bc2 Nba5 47. Kd3 Nc6 48. h4 Ne7 49. Bg5 Nf5 50. Bd1 Nfd6 51. Bg4+ f5 52. Bh3 Ne4 0-1